Neuabgrenzung von Arbeitsmarktregionen für die Zwecke der regionalen Wirtschaftspolitik.
Na základe údajov dochádzajúcich do práce za r. 1987 sa novo vymedzili územia vyžadujúce podporu. Zhodnotenie týchto najnovších jednotiek pokiaľ ide o stupeň ich autonómie a podmienok dodržiavania najmenšej veľkosti. Analyzovanie dostupnosti regiónov.
Salvato in:
| Autore principale: | |
|---|---|
| Altri autori: | |
| Natura: | Capitolo di libro |
| Lingua: | tedesco |
| Soggetti: | |
| Tags: |
Nessun Tag, puoi essere il primo ad aggiungerne!!
|
MARC
| LEADER | 00000naa a2200000 4500 | ||
|---|---|---|---|
| 001 | r010849 | ||
| 005 | 20221130103253.2 | ||
| 041 | 0 | |a ger | |
| 044 | |a DE | ||
| 245 | 1 | 0 | |a Neuabgrenzung von Arbeitsmarktregionen für die Zwecke der regionalen Wirtschaftspolitik. |c H.F. Eckey, P. Klemmer |
| 520 | |a Na základe údajov dochádzajúcich do práce za r. 1987 sa novo vymedzili územia vyžadujúce podporu. Zhodnotenie týchto najnovších jednotiek pokiaľ ide o stupeň ich autonómie a podmienok dodržiavania najmenšej veľkosti. Analyzovanie dostupnosti regiónov. | ||
| 610 | 2 | 0 | |a regióny |
| 610 | 2 | 0 | |a politika hospodárska |
| 610 | 2 | 0 | |a politika regionálna |
| 610 | 2 | 0 | |a trh práce |
| 610 | 2 | 0 | |a podpory |
| 610 | 2 | 0 | |a dochádzka do práce |
| 100 | 1 | |a Eckey, H.F. | |
| 700 | 1 | |a Klemmer, P. | |